00626 2200169 4500245005400000020002200054250001100076100002900087650001300116005001900129260004100148041001400189084000800203300002700211500020900238336000900447 aYuk Jadi YoutubercJefferly HelianthusonfrihText a978-602-04-7862-3 aCet. 7 aJefferly Helianthusonfri aYoutuber a20240115094144 aJakartabElex Media Komputindoc2022 aIndonesia a004 aix, 165 hlm. :c21 cm. aBuku ini merupakan buku yang siap memandu pembaca untuk menjadi Youtuber. Buku ini menjelaskan langkah demi langkah dalam menjadi Youtuber. Ditulis untuk kamu yang ingin memulai berkarya sebagai Youtuber. atext